Entre éthique et mystique ...: quand Edith Stein et Etty Hillesum se rencontrent
| Main Author: | |
|---|---|
| Format: | Print Article |
| Language: | French |
| Check availability: | HBZ Gateway |
| Interlibrary Loan: | Interlibrary Loan for the Fachinformationsdienste (Specialized Information Services in Germany) |
| Published: |
2007
|
| In: |
Revue d'éthique et de théologie morale
Year: 2007, Volume: 247, Pages: 65-91 |
| Standardized Subjects / Keyword chains: | B
Stein, Edith, Female saint 1891-1942
/ Hillesum, Etty 1914-1943
/ Ethics
/ Mysticism
|
| RelBib Classification: | BH Judaism CB Christian life; spirituality CC Christianity and Non-Christian religion; Inter-religious relations NCA Ethics |
| Parallel Edition: | Electronic
|
MARC
| LEADER | 00000caa a22000002c 4500 | ||
|---|---|---|---|
| 001 | 1646950828 | ||
| 003 | DE-627 | ||
| 005 | 20220616130039.0 | ||
| 007 | tu | ||
| 008 | 160405s2007 xx ||||| 00| ||fre c | ||
| 035 | |a (DE-627)1646950828 | ||
| 035 | |a (DE-576)467611491 | ||
| 035 | |a (DE-599)BSZ467611491 | ||
| 040 | |a DE-627 |b ger |c DE-627 |e rakwb | ||
| 041 | |a fre | ||
| 084 | |a 1 |2 ssgn | ||
| 100 | 1 | |0 (DE-588)135680654 |0 (DE-627)569722578 |0 (DE-576)281690375 |4 aut |a Van den Driessche, Thibault | |
| 109 | |a Van den Driessche, Thibault |a VandenDriessche, Thibault |a Driessche, Thibault van den | ||
| 245 | 1 | 0 | |a Entre éthique et mystique ... |b quand Edith Stein et Etty Hillesum se rencontrent |c Thibault Van Den Driessche |
| 264 | 1 | |c 2007 | |
| 336 | |a Text |b txt |2 rdacontent | ||
| 337 | |a ohne Hilfsmittel zu benutzen |b n |2 rdamedia | ||
| 338 | |a Band |b nc |2 rdacarrier | ||
| 601 | |a Hillesum, Etty | ||
| 652 | |a BH:CB:CC:NCA | ||
| 689 | 0 | 0 | |d p |0 (DE-588)118617230 |0 (DE-627)131325612 |0 (DE-576)209120428 |2 gnd |a Stein, Edith |c Heilige |d 1891-1942 |
| 689 | 0 | 1 | |d p |0 (DE-588)118551159 |0 (DE-627)079349013 |0 (DE-576)208958266 |2 gnd |a Hillesum, Etty |d 1914-1943 |
| 689 | 0 | 2 | |d s |0 (DE-588)4015602-3 |0 (DE-627)106335987 |0 (DE-576)208912614 |2 gnd |a Ethik |
| 689 | 0 | 3 | |d s |0 (DE-588)4041003-1 |0 (DE-627)104559519 |0 (DE-576)209043008 |2 gnd |a Mystik |
| 689 | 0 | |5 (DE-627) | |
| 773 | 0 | 8 | |i In |t Revue d'éthique et de théologie morale |d Paris : Ed. du Cerf, 1995 |g 247(2007), Seite 65-91 |w (DE-627)187612854 |w (DE-600)1238069-6 |w (DE-576)048515841 |x 0750-1455 |7 nnas |
| 773 | 1 | 8 | |g volume:247 |g year:2007 |g pages:65-91 |
| 776 | |i Erscheint auch als |n elektronische Ausgabe |w (DE-627)1931724369 |k Electronic | ||
| 935 | |a mteo | ||
| 951 | |a AR | ||
| ELC | |b 1 | ||
| ITA | |a 1 |t 1 | ||
| LOK | |0 000 xxxxxcx a22 zn 4500 | ||
| LOK | |0 001 3320890913 | ||
| LOK | |0 003 DE-627 | ||
| LOK | |0 004 1646950828 | ||
| LOK | |0 005 20160405162523 | ||
| LOK | |0 008 160404||||||||||||||||ger||||||| | ||
| LOK | |0 040 |a DE-Tue135 |c DE-627 |d DE-Tue135 | ||
| LOK | |0 092 |o n | ||
| LOK | |0 852 |a DE-Tue135 | ||
| LOK | |0 852 1 |9 00 | ||
| LOK | |0 935 |a ixzs |a ixmi | ||
| LOK | |0 936ln |0 1442052465 |a NCA | ||
| LOK | |0 936ln |0 1442043768 |a CB | ||
| LOK | |0 936ln |0 1442043806 |a CC | ||
| LOK | |0 936ln |0 1442043520 |a BH | ||
| LOK | |0 939 |a 04-04-16 |b l01 | ||
| ORI | |a SA-MARC-ixtheoa001.raw | ||
| REL | |a 1 | ||
| STA | 0 | 0 | |a Ethics,Ethics,Moral philosophy,Philosophical Ethics,Ethics,Mysticism,Mysticism,Mysticism in literature,Mysticism in art,Mysticism and literature,Mysticism and poetry |
| STB | 0 | 0 | |a Mystique,Mystique,Mystique et littérature,Mystique et poésie,Éthique,Éthique,Morale,Morale,Morale |
| STC | 0 | 0 | |a Mística,Mística,Literatura mística,Misticismo,Misticismo,Ética,Ética,Ética moderna |
| STD | 0 | 0 | |a Etica,Etica,Mistica,Mistica |
| STE | 0 | 0 | |a 伦理学,道德哲学,道德学,神秘主义,神秘主义,密契主义,密契主义 |
| STF | 0 | 0 | |a 倫理學,道德哲學,道德學,神秘主義,神秘主義,密契主義,密契主義 |
| STG | 0 | 0 | |a Mística,Mística,Ética,Ética |
| STH | 0 | 0 | |a Мистика (мотив),Мистика,Этика (мотив),Этика |
| STI | 0 | 0 | |a Ηθική (μοτίβο),Ηθική,Μυστικισμός <μοτίβο>,Μυστικισμός,Αποκρυφισμός (μοτίβο) |
| SUB | |a REL | ||
| SYG | 0 | 0 | |a T. Benedicta,vom Kreuz, Heilige,1891-1942,T. Benedicta,a Cruce, Heilige,1891-1942,Teresa Benedicta,of the Cross, Heilige,1891-1942,Teresa Benedicta,de la Cruz, Heilige,1891-1942,Teresa Benedykta,od Krzyża, Heilie,1891-1942,Cruz, Beata Teresa Benedicta de la,Heilige,1891-1942,Stein, Edyta,Heilige,1891-1942,Štejn, Ėdit,Heilige,1891-1942,Štejn, Edit,Heilige,1891-1942,Steinová, Edita,Heilige,1891-1942,Shutain, Ēdito,Heilige,1891-1942,Teresia Benedicta a Cruce,Schwester, Heilige,1891-1942,Teresa Benedicta a Cruce OCD,Heilige,1891-1942,Teresia Benedicta,vom Kreuz, Heilige,1891-1942,Teresia Benedicta,a Cruce, Heilige,1891-1942,Theresia Benedicta,a Cruce, Heilige,1891-1942,Cruce, Teresia Benedicta a,Heilige,1891-1942,Stein, Edith,1891-1942,E di teu Syu ta in,1891-1942,Editeu-Syutain,1891-1942,Syutain, Editeu,1891-1942,Syut'ain, Edit'ŭ,1891-1942 , Hilesum, Etti,1914-1943,Hillesum, Esther,1914-1943,Hilesum, Etty,1914-1943 , Ethics,Moral,Morality,Moralphilosophie,Tugend,Wertethik,Ethische Theorie,Moral,Philosophische Ethik,Sittenlehre,Moralphilosophie |



